| 000 | 00565nam a22001937a 4500 | ||
|---|---|---|---|
| 003 | 0 | ||
| 005 | 20240910091206.0 | ||
| 008 | 240904b xxu||||| |||| 00| 0 eng d | ||
| 020 | _a978-007-126646-8 | ||
| 050 |
_aLB 1537 _b.P238 2006 |
||
| 100 | _aParker, Don H. | ||
| 245 |
_aSRA reading laboratory 3b : _bstudent record book / _cDon H. Parker. |
||
| 260 |
_aColumbus, Ohio : _bSRA McGraw-Hill, _cc2006. |
||
| 300 |
_a80 p. ; _c24 cm. |
||
| 440 | _aSRA Reading Laboratory | ||
| 650 | _aReading (Elementary). | ||
| 650 | _aReading (Secondary). | ||
| 942 |
_2lcc _cBK |
||
| 999 |
_c366177 _d366177 |
||